Pays de la guerre du Viêt Nam - Statistiques

Statistiques générales
  • Ce quiz a été pris 86 fois
  • Le résultat moyen est 6 sur 9
Statistiques - réponses
Décès Pays % Correct
58,315 États-Unis
95%
1,446 Chine
93%
62,000 Laos
85%
273,000 Cambodge
81%
351 Thailande
80%
5,099 Corée du Sud
49%
1,062,000 Vietnam du Nord
39%
741,000 Vietnam du Sud
39%
500 Australie
37%
Aucun quiz correspondant
Distribution des résultats
% des personnes avec chaque résultat
Percentile par nombre de réponses
Votre historique - résultats
Vous n’avez pas pris ce quiz